00486 a2200157 4500003000500000005001700005022001800022040000900040100002500049245006400074260004600138300001200184942001200196999001900208952010100227Nust20170207154600.0 a0-471-22554-1 cNust aJessica Wolk-Stanley aDr. Math Introduces GEOMETRY (E-Book)cJessica Wolk-Stanley aNew JerseybJOHN WILEY & SONS, INC.c2004 a192 p.: 2ddccBK c198544d198544 00102ddc40708NFICaMCSbMCSd2016-12-12l0o516 STApMCSEB-1840r2016-12-08w2016-12-12yBK